As Gémeas no Colégio de Santa Clara (Registo nº 1347)

Detalhes MARC
000 -Etiqueta do registo
Cabeçalho 00954nam a2200325 4500
005 - Identificador da versão
Campo de controlo 20240822202508.0
010 ## - Número internacional normalizado dos livros (ISBN)
Número (ISBN) 9789895555079
021 ## - Número do Depósito Legal
Código do país PT
Número 309967/10
035 ## - Other System Control Numbers
System Control Number cmelv002.iso/17-03-2011/19222
System Control Number 0054221
System Control Number 2368377
100 ## - Dados gerais de processamento
Dados gerais de processamento 20100929d2011 a y0pory5003 ba
101 1# - Língua de publicação
Língua do texto, banda sonora, etc. Português
Língua do documento no original Inglês
102 ## - Pais de publicação ou produção
País de publicação Portugal
200 1# - Titulo e menção de responsabilidade
Título próprio As Gémeas no Colégio de Santa Clara
Primeira menção de responsabilidade Enid Blyton
Outras menções de responsabilidade trad. Susana Ferreira, Bárbara Soares
205 ## - Menção da edição
Menção da edição 10ª ed
210 ## - Publicação, Distribuição, etc. 
Lugar da edição, distribuição, etc. Alfragide
Nome do editor, distribuidor, etc. Oficina do Livro
Data da publicação, distribuição, etc. 2010
215 ## - Descrição física 
Indicação específica da natureza do documento e extensão da espécie 255, [7] p.
Dimensões 21 cm
225 2# - Colecção 
Título próprio da colecção As Gémeas
Indicação de volume 1
304 ## - Notas relativas a título e menção de responsabilidade 
Texto da nota Tít. orig.: The Twins at St Clareªs.
517 1# - Outras variantes do título
Variant Title The Twins at St Clareªs
532 12 - Título desenvolvido
Expanded Title The Twins at Saint Clareªs
Language of Title eng
675 ## - Classificação Decimal Universal (CDU)
Notação 82-93
Edição BN
Língua da edição por
700 #1 - Nome de autor-pessoa física (responsabilidade principal)
Número de registo de entrada de autoridade 0001735
Palavra de ordem Blyton
Outra parte do nome não tomada para palavra de ordem Enid
Datas 1897-1968
702 #1 - Nome de autor-pessoa física (responsabilidade secundária)
Número de registo de entrada de autoridade 0001906
Palavra de ordem Ferreira
Outra parte do nome não tomada para palavra de ordem Susana
Código de função Tradutor
Número de registo de entrada de autoridade 0001907
Palavra de ordem Soares
Outra parte do nome não tomada para palavra de ordem Bárbara
Código de função Tradutor
942 ## - Elementos de entrada adicionados (Koha)
Tipo de item no Koha Livro
966 ## - Identificação da Biblioteca
Sigla NUMETECA
Exemplares
Situação do levantamento Origin of item (home branch) (coded) Biblioteca de empréstimo Código de barras Cota Circulation type (not for loan) Tipo de documento Nota do exemplar Damaged status
  Biblioteca Escolar Eng. Nuno Mergulhão Biblioteca Escolar Eng. Nuno Mergulhão BENM3049 | 2011 82-3 BLY   Livro Sem mensagem